Quizzes
Events
Quiz Creation
Community
Videos
Private Events
Remove Ads
Sign In
Join for FREE
Feedback
Dark Mode
Quiz Categories
Sports
Geography
Music
Movies
Television
Just For Fun
Miscellaneous
History
Literature
Language
Science
Gaming
Entertainment
Religion
Holiday
For Kids
Quiz Lab
Recent
Popular Today
Quiz Kudos Today
Editor Picks
Curator Picks
Quizzes by...
Day
Popularity
Type
Ratings
Length
Year
Community
Subscriptions
Recent Discussions
Orange Saloon
Badges
Playlists
Quests
Create
Leaderboards
Showdown
Live 5
Trivia Bingo
Activity
Puzzle Library
Sporcle Events
Private Events
Virtual Trivia
Globe League
Become a Host
Pub Owners
SporcleCon
Opinionation
Our Games
Videos
Blog
Mobile Apps
Partnerships
Remove Ads and Go Orange
Feedback
History
US Presidents
World Leaders
Politics
Nation
Discovery
War
Decade
Year
Century
Biography
Art
History
US Presidents
World Leaders
Politics
Nation
Discovery
War
Decade
Year
Century
Biography
Art
Random Quiz
Search Sporcle
×
Quiz Lab
Quiz Lab
History
reason
Type in answers that appear in a list
Type in answers that appear in a list
Classic
Best Score? Go Orange.
GCSE History Unit 1a Revision Stats
Can you name the reasons why WW1 broke out??
By
lem_at_sgs
5m
36 Questions
345 Plays
345 Plays
345 Plays
Comments
Comments
Give Quiz Kudos
Give Quiz Kudos
-
- Ratings
hide this ad
Forced Order
Answers have to be entered in order
Answers have to be entered in order
Replay
Link that replays current quiz
Next Quiz
Link to next quiz in quiz playlist
You Got
0%
They Got
Avg Score
40%
Avg Friend Score
Upgrade to see
Score Distribution
Jump to the score distribution portion of the page
Score
0/36
Timer
05:00
0
Plays Today
Clue
Answer
% Correct
Britain joined them later to make the
Triple Entente
69%
which caused tension, particularly with
Britain
67.8%
and also built up
the navy
64.3%
Germany became a unified country in
1871
61.2%
The Kaiser wanted an
empire
60.3%
In 1905 rivalry was increased by a crisis in
Morocco
57.1%
and later a 'friendly agreement' with
France
53.6%
This crisis strengthened the relationship between
Britain and France
53.6%
The Triple Alliance was between
Germany Austria-Hungary Italy
53%
There was competition to build the most
dreadnoughts
50.1%
Britain had been in
isolation
49.6%
The Triple Alliance was formed in
1882
49%
and led Britain and Germany into a
naval race
47.8%
and Serbia looked to
Russia
47.2%
by their enemies. The second Moroccan crisis began in
1911
46.1%
for support. They backed off when
Germany
45.2%
caused by the Kaiser promising to support Moroccan
independence
42.9%
assassinated Archduke
Franz Ferdinand
42.6%
Clue
Answer
% Correct
was taken over by
Austria-Hungary
39.7%
The Germans sent the gunboat the
Panther
39.4%
France and Russia made an agreement in
1894
38.6%
square km of useless land. Meanwhile in 1908-
9 in
Bosnia
37.4%
This was all part of the Kaiser's policy of
Weltpolitik
35.7%
when the
Black Hand
35.1%
until 1902 when it made a naval agreement with
Japan
30.1%
in support. Then
Russia
30.1%
made it clear that they would declare war if their ally was attacked. Serbia was now looking for
Revenge
28.4%
in 6 weeks, then attacking Russia in the East. To get to France the Germans had to go through
Belgium
27.8%
country. This brought
Britain
24.9%
which was a
neutral
23.5%
mobilised. Germany put in place the
Schlieffen Plan
20%
of Austria-
Hungary. Germany offered Austria-
Hungary a
Blank cheque
18.8%
to force the French to give him some land in Morocco but he was forced to back down and accept
100,000
18.3%
and Germany felt
surrounded
17.7%
into the war as they had promised to defend Belgium in the Treaty of
London
17.7%
on Austria-
Hungary. The opportunity came on
28th June 1914
15.7%
Quiz Playlist
Details
Report
Send in Message
Add To Playlist
Classic:
Type in answers that appear in a list
Forced Order:
Answers have to be entered in order
Last Updated: Feb 16, 2017
Quiz Scoreboard
CHALLENGE
Sign Up to Join the Scoreboard
Show All
Scores
Hide
Comments
May contain spoilers
Recently Published
Billboard Blitz: Fleetwood Mac
by CooCooCachoo
Music
15s
Presidents Visiting Landmarks
by Hejman
History
7m
An Introduction to Baseball
by treessimontrees
Sports
5m
More to Explore
Quiz From the Vault
Featured Blog Post
Where Did the Easter Bunny Come From?
hide this ad
You Might Also Like...
Tags
broke
gcse
reason
Revision
unit
WW1
Today's Top Quizzes in History
Browse History
hide this ad
Today's Top Quizzes in reason
Browse reason
Top Contributed Quizzes in History
1
Popular People in 1991
2
Popular People in 1981
3
Popular People in 1951
4
Popular People in 1941
5
Popular People in 1986
6
Popular People in 1976
7
Popular People in 1921
8
I Am Born On March 28th
9
5-to-1: 20th Century Images of War
10
Popular People in 1946
Explore More
Trending Topics
Anime
Crossword
Marvel
Kpop
NBA
Harry Potter
Disney
NFL
Puzzle
Country
Song
Pokémon
WWE
The Office
Soccer
hide this ad
More By:
lem_at_sgs
Quiz
Plays
Rating
Category
Featured
Created
GCSE History Unit 1a Revision
345
3.00
History
Mar 30, 2011
Go to Creator's Profile
Score Distribution
Quiz Creator Spotlight
lem_at_sgs
Follow
Send a Message
Quizzes Created
-
Created Quiz Play Count
-
More By This Creator
Popular Quizzes Today
1
Find the US States - No Outlines Minefield
2
Find the Countries of Europe - No Outlines Minefield
3
The Countries of the World
4
Find the US States
5
Risky Map Clicking: Biggest States A-Z
6
US States
7
Popular People in 1961
8
Movies - When Are They Set?
More History Quizzes
20 Centuries, 20 Questions: 5th Century
Curator's Pick
Trending Quizzes
Risky Map Clicking: Least Populous States A-Z
1-10 Letter G Words
1-10 Letter F Words
Risky Map Clicking: Next State Alphabetically
Click the Washington State Counties! (Map)
Recently Updated
Leaping Animals
pecheneg
Reality TV Shows (A-Z)
bhenderson79
Rickey Henderson's Hall of Fame Teammates
pecheneg
Champions League XIs: Arsenal
pecheneg
Quick Pick: Celebrities in WWE's Hall of Fame
aduchscher
A-Z Keypad Blitz II
pecheneg
Multiple Oscar Actors
pecheneg
Mystery Phrase Blitz: Oscar 'Best Actors'
pecheneg
F. Scott Fitzgerald Novels
LTH
Pick 3 Villains
ddd62291
Trending Topics
Disney
NBA
Marvel
Crossword
Anime
Kpop
Harry Potter
Pokémon
Country
NFL
WWE
Puzzle
Song
The Office
Soccer
Your Account Isn't Verified!
In order to create a playlist on Sporcle, you need to verify the email address you used during registration. Go to your
Sporcle Settings
to finish the process.
Report this User
Report this user for behavior that violates our
Community Guidelines
.
Details:
Send Report
Go to the Sporcle.com Mobile Site →
Comments